| 000 | 00461nam a2200181 a 4500 | ||
|---|---|---|---|
| 001 | 5427 | ||
| 003 | CO-ViMGA | ||
| 008 | 141112s2004 ck r 000 u spa d | ||
| 040 |
_aCO-ViMGA _bspa _cCO-ViMGA |
||
| 082 | 0 | 4 | _a843.7 S735 |
| 100 | 1 |
_aStendhal, Marie Henry Beyle _93727 |
|
| 245 | 1 | 0 | _aLa cartuja de Parma |
| 260 |
_aMadrid : _bSarpe, _c1984 |
||
| 300 | _a436 p | ||
| 490 | _aNovela inmortales, 4 | ||
| 650 | 1 | 4 |
_aNOVELA FRANCESA _92629 |
| 942 |
_2ddc _cBK |
||
| 999 |
_c17414 _d17414 |
||